| 000 | 00667nam a2200229 i 4500 | ||
|---|---|---|---|
| 001 | 16157 | ||
| 003 | ES-MaACL | ||
| 005 | 20251005063030.0 | ||
| 007 | t| | ||
| 008 | 000706s1999 sp f 00100 spa | ||
| 020 | _a84-239-7795-1 | ||
| 080 | _a791.43 | ||
| 100 | 0 |
_aPalacios Trigo, Jesús _988402 |
|
| 245 | 1 | 0 |
_aAlégrame el día _b: el cine de Hollywood en sus mejores frases / _cJesús Palacios. |
| 260 |
_aMadrid : _bEspasa-Calpe, _c[1999] |
||
| 300 |
_a254 p., [16] p. de lám. ; _c22 cm. |
||
| 490 | 1 | _aEspasa hoy | |
| 650 | 1 | 4 |
_aCine- _vHistoria. _9171029 |
| 830 | 1 |
_aEspasa hoy _9179010 |
|
| 852 |
_aES-MaACL _jL-23431 |
||
| 999 |
_c16157 _d16157 |
||